UBT Library

Health Physical 'Assessment in Nursing; (Record no. 1426)

000 -LEADER
fixed length control field 00294nam a22001097a 4500
008 - FIXED-LENGTH DATA ELEMENTS--GENERAL INFORMATION
fixed length control field 160419b xxu||||| |||| 00| 0 eng d
020 ## - INTERNATIONAL STANDARD BOOK NUMBER
International Standard Book Number 9780135114155
041 ## - LANGUAGE CODE
Language code of text/sound track or separate title eng
080 ## - UNIVERSAL DECIMAL CLASSIFICATION NUMBER
Universal Decimal Classification number 618.2
245 ## - TITLE STATEMENT
Title Health Physical 'Assessment in Nursing;
Statement of responsibility, etc Donita D'Amiko ,Colleen Barbarito:
942 ## - ADDED ENTRY ELEMENTS (KOHA)
Source of classification or shelving scheme
Item type Books
Holdings
Withdrawn status Lost status Source of classification or shelving scheme Damaged status Not for loan Collection code Permanent location Current location Shelving location Date acquired Total Checkouts Full call number Barcode Date last seen Price effective from Koha item type
          Koleksioni i përgjithshem UBT - Lipjan UBT - Lipjan Koleksioni i përgjithshem 12/29/2016   618.2 DAM 002-035992 12/29/2016 12/29/2016 Books
          Koleksioni i përgjithshem UBT - Lipjan UBT - Lipjan Koleksioni i përgjithshem 12/19/2017   616.075 DON 002-2939513 12/19/2017 12/19/2017 Books
UBT Library © 2015-2024. All rights reserved University Education for Business and Technology